000 00709nam a22001577a 4500
999 _c60807
_d60807
005 20231024145949.0
008 231024s1966 ru ||||| |||| 00| 0 rus d
041 _arus
080 _a631(45) K-89
100 _aКузищин, В.И.
_920214
245 _aОчерки по истории земледелия Италии :
_b II в. до н.э. - I в. н.э /
_cВ.И. Кузищин.
264 _aМ.:
_bИздательство Московского университета,
_c1966.
300 _a 312 с.
_b21 cm.
653 _aნარკვევები იტალიაში სოფლის მეურნეობის ისტორიის შესახებ
942 _2udc
_cBK